[Event "AUT-ch qual"]
[Site "Koeflach"]
[Date "2006.09.05"]
[Round "4"]
[White "Saxer, Bernhard"]
[Black "Roth, Peter"]
[Result "0-1"]
[WhiteElo "2057"]
[BlackElo "2249"]
[PlyCount "23"]
[EventDate "2006.09.02"]
[EventType "swiss"]
[EventRounds "9"]
[EventCountry "AUT"]
[SourceTitle "CBM 114 Extra"]
[Source "ChessBase"]
[SourceDate "2006.11.03"]
[SourceVersion "1"]
[SourceVersionDate "2006.11.03"]
[SourceQuality "1"]

1. e4 e6 2. d4 d5 3. e5 c5 4. Qg4 Nh6 5. Bxh6 gxh6 6. Nd2 Qb6 7. Nb3 c4 8. Nd2 Qxb2 9. Rb1 Qxc2 10. Qd1 Qxd1+ 11. Kxd1 Nc6 12. h4 0-1